| 000 | 00360cam a22001217a 4500 | ||
|---|---|---|---|
| 008 | 180718b1973 xxu||||| |||| 00| 0 eng d | ||
| 082 | _aF5x54 Sa58 | ||
| 100 | _aSankhdher, M.M. | ||
| 245 |
_aReflections on Indian politics _cby M.M. Sankhdher |
||
| 260 |
_aNew Delhi _bKumar Brothers _c1973 |
||
| 300 | _a407p. | ||
| 650 | _aIndia --Politics and government --1947- | ||
| 999 |
_c353350 _d353350 |
||